000
00250nam a22001217a 4500
082
_a
823
_b
MUR/L
100
_a
MURTHI, R K
245
_a
LIVES OF DESTINY
260
_a
PUNE
_b
VIKAS
_c
2000
300
_a
96
650
_a
ENGLISH STORY
_z
INDIA
942
_c
BK
999
_c
7313
_d
7313